000 02329cam a2200349 i 4500
003 SA-RiAUC
005 20260123145252.0
008 260122s1909 mr g 000 0 ara c
040 _aSA-RiAUC
_bara
_cSA-RiAUC
_erda
082 0 4 _a266.1072064
082 0 4 _a231
_qSA-RiAUC
090 _aم ن231
_bم و ل
100 1 _aالمولى عبد الحفيظ، عبد الحفيظ بن الحسن بن محمد،
_cسلطان المغرب،
_d1280-1356 هجري
_eمؤلف.
245 1 0 _aياقوتة الحكام في مسائل القضاء والأحكام /
_cمولاي عبد الحفيظ ؛ صححها محمد الأمين بن أحمد الوقف.
250 _aالطبعة الأولى.
264 1 _a[مكان النشر غير محدد] :
_b[الناشر غير محدد]،
_c[1909]
264 3 _aفاس، المغرب :
_bالمطبعة المولوية
300 _a126 صفحة ؛
_c28 سم
336 _aنص
_btxt
_2rdacontent
_3كتاب
337 _aبدون وسيط
_bn
_2rdamedia
338 _aمجلد
_bnc
_2rdacarrier
500 _aقرظه محمد الخضر بن عبد الله بن ما يابي الجكني.
500 _aورد عليها "وافقه هذه النسخة ابتغاء وجه الكريم ... ومن أراد مطالعاته للاستفادة والله يوفق الجميع إلى ما يحبه ويرضيه، وقد وقفها حسين بن عبد الرحيم بن عبد الرحمن جمال الحريري غفر الله له ولمن دعا له وإلى جميع المسلمين أجمعين، ومن الله علينا ... محمد صلى الله عليه وسلم، فمن بدله بعدما سمعه فإنما إثمه على الذين يبدلونه، والله أعلم بالصواب وإليه المرجع ...
535 1 _aمديرية الأوقاف العامة.
650 7 _aالقضاء الشرعي
_2aucsh
700 1 _aالوقف، محمد الأمين بن أحمد
_eمصحح.
856 4 _uhttp://10.10.10.21/hipres/1388/book.Web/bookTestPage.html
856 4 _uhttp://10.0.0.80:1112/M.Alsamman/1388.pdf
942 _2ddc
_cRBOOK COPY
_n0
949 _aSA-JeALM
_d260122
_umohamedma123
_n1
999 _c14147
_d14147